Estadísticas para Rivales europeos del Real Madrid

Haz click aquí para intentar la prueba.

Estadísticas generales

  • Esta prueba ha sido intentada 213 veces
    (154 desde el último reinicio)
  • La puntuación promedio es 44 de 129

Estadísticas de respuestas

HintRespuesta% Correcto
AlemaniaFC Bayern Munchen
95%
Paris Saint-Germain FC
91%
FC Barcelona
89%
EspañaAtlético Madrid
86%
BV 09 Borussia Dortmund
86%
Manchester City FC
83%
Manchester United FC
82%
AC Milan
81%
Liverpool FC
81%
Olympique Lyonnais
81%
Sevilla CF
81%
Chelsea FC
80%
Valencia CF
79%
FC Internazionale Milano
77%
Países BajosAFC Ajax
76%
Juventus FC
76%
InglaterraArsenal FC
75%
FC Porto
75%
Olympique de Marseille
74%
AS Roma
72%
PortugalSL Benfica
72%
Philips Sport Verenigin
71%
Bayer 04 Leverkusen
67%
Celtic FC
67%
Sporting Clube de Portugal
66%
Tottenham Hotspur FC
66%
SSC Napoli
65%
Club Brugge KV
64%
Galatasaray SK
61%
Rangers FC
58%
SS Lazio
57%
FC Zenit San Petersburgo
56%
FK Shajtar Donetsk
56%
ACF Fiorentina
52%
Feyenoord Rotterdam
52%
CroaciaGNK Dinamo Zagreb
52%
AS Monaco FC
51%
RusiaPFC CSKA Moscú
50%
F.C.Gelsenkirchen-Schalke 04 e. V.
47%
FC København
46%
MoldaviaFC Sheriff Tiraspol
45%
VfL Wolfsburg-Fußball GmbH
45%
FC Dynamo Kyiv
44%
SueciaMalmö Fotbollförening
44%
Olympiakos CFP
44%
ChipreAPOEL Nicosia
43%
TurquíaBeşiktaş JK
43%
Borussia VFL 1900 Mönchengladbach
43%
SerbiaFK Crvena Zvezda
43%
Hamburgo S.V.
43%
Legia Warszawa Spółka Akcyjna
42%
Panathinaikos AO
42%
Royal Sporting Club Anderlecht
41%
KRC Genk
40%
GreciaAEK Atenas
39%
ItaliaAtalanta BC
39%
FC Spartak Moscú
39%
Rapid Viena
38%
BSC Young Boys
35%
Eintracht Frankfort
35%
SuizaFC Basel
35%
FC Steaua Bucuresti
34%
Werder Bremen
32%
FC Zürich
31%
Leeds United AFC
29%
BielorrusiaBATE Borisov
28%
AC Sparta Praha
27%
FK Partizan Belgrado
27%
Torino FC
27%
1.F.C.Colonia
25%
AustriaAustria Viena
25%
FC Lokomotiv Moscú
24%
Ferencváros TC
24%
NoruegaMolde FK
23%
BulgariaPFK Ludogorets Razgrad
23%
Stade de Reims
21%
EscociaAberdeen FC
20%
FranciaAssociation de la Jeunesse Auxerroise
19%
OGC Nice Côte d'Azur
19%
BélgicaRoyal Antwerp F.C.
19%
Standard Lieja
19%
Rosenborg BK
17%
FC Viktoria Plzeň
16%
Sturm Graz
14%
Grasshopper Club Zúrich
12%
EslovaquiaŠK Slovan Bratislava
11%
FC Dinamo Bucuresti
10%
HNK Rijeka
10%
PFC Levski Sofia
10%
Wisła Kraków SSA
10%
1.F.C.Kaiserslautern
9%
FC Utrecht
7%
Ipswich Town FC
7%
Servette FC Genève
7%
Cardiff City FC
6%
Derby County FC
6%
FC Torpedo Moscú
6%
HungríaMOL Fehérvár FC (Videoton FC)
6%
Odense BK
6%
SBV Vitesse
6%
FC Lugano
5%
Apollon Limassol
4%
MaltaPaola Hibernians FC
4%
TSV Munich 1860
4%
Budapest Honvéd FC
3%
Vasas SC
3%
LuxemburgoAS La Jeunesse d'Esch
2%
F.C. Carl Zeiss Jena
2%
FC Progrès Niedercorn
2%
República ChecaFK Dukla Praha
2%
IslandiaKeflavík ÍF
2%
Kilmarnock FC
2%
Neuchâtel Xamax FC
2%
Wacker Innsbruck - Tirol Innsbruck
2%
DinamarcaBoldklubben 1913 Odense
1%
UcraniaFC Chernomorets Odessa
1%
FC Politehnica Timișoara
1%
FC Tatabánya
1%
PoloniaGórnik Zabrze
1%
Hvidovre IF
1%
IrlandaLimerick FC
1%
Újpest FC
1%
Wiener Sport Klub
1%
CA Spora Luxembourg
0%
RumaníaFC Argeș Pitești
0%
FC Minerul Baia Mare
0%
FKS Stal Mielec
0%
Moss FK
0%
SK Sigma Olomouc
0%

Distribución de puntuación

Porcentaje por número respondido

Porcentaje de gente con cada puntuación

Historial de tus puntuaciones

No has intentado esta prueba desde el último reinicio